000 00424nam a2200157Ia 4500
008 190430s9999 xx 000 0 und d
100 _aEcheminada, Perseus
245 _aNene urges government to reassert Sabah claim/
245 _cPerseus Echeminada
260 _bThe Philippine Star
260 _c2018
300 _aDecember 12
440 _aThe Philippine Star
650 _aGeography
650 _aSabah (Malaysia)
999 _c361771
_d361771